[Event "Santiago de Cali U2000 op"]
[Site "Cali"]
[Date "2024.12.30"]
[Round "7"]
[White "Guerra, Alvaro"]
[Black "Vega Cotacio, Jhon Alejandro"]
[Result "0-1"]
[WhiteElo "1890"]
[BlackElo "1695"]
[PlyCount "86"]
[EventDate "2024.12.27"]
[EventType "swiss"]
[EventRounds "7"]
[EventCountry "COL"]
[SourceTitle "CB01_2025"]
[SourceDate "2025.01.01"]
[SourceVersion "1"]
[SourceVersionDate "2025.01.01"]
[SourceQuality "1"]

1. c4 Nf6 2. Nf3 e6 3. Nc3 d5 4. cxd5 exd5 5. d4 c6 6. Bg5 Be7 7. e3 Bf5 8. Be2 0-0 9. 0-0 Nbd7 10. Nh4 Bg6 11. Nxg6 hxg6 12. Rb1 a5 13. Qc2 Re8 14. Bd3 Nf8 15. a3 Ne6 16. Bh4 Nd7 17. Bg3 b5 18. f4 b4 19. axb4 axb4 20. Na4 c5 21. Nxc5 Nexc5 22. dxc5 Bxc5 23. f5 Bxe3+ 24. Kh1 g5 25. Bb5 Re4 26. Bxd7 Qxd7 27. f6 g6 28. Rbd1 Rae8 29. Qb3 Qb5 30. Qxd5 Qxd5 31. Rxd5 Bd4 32. h3 Bxb2 33. Rxg5 R8e6 34. Rb5 Bxf6 35. Rc1 Bc3 36. Rd1 Kg7 37. Rd7 Re7 38. Rxe7 Rxe7 39. Bd6 Re1+ 40. Kh2 Rb1 41. g3 b3 42. Kg2 b2 43. Ba3 Re1 0-1

[Event "Santiago de Cali U2000 op"]
[Site "Cali"]
[Date "2024.12.29"]
[Round "5"]
[White "Varela Acosta, Valeria"]
[Black "Vega Cotacio, Jhon Alejandro"]
[Result "0-1"]
[WhiteElo "1516"]
[BlackElo "1695"]
[PlyCount "59"]
[EventDate "2024.12.27"]
[EventType "swiss"]
[EventRounds "7"]
[EventCountry "COL"]
[SourceTitle "CB01_2025"]
[SourceDate "2025.01.01"]
[SourceVersion "1"]
[SourceVersionDate "2025.01.01"]
[SourceQuality "1"]

1. e4 c5 2. Nf3 d6 3. d4 cxd4 4. Nxd4 Nf6 5. Nc3 a6 6. f3 e5 7. Nb3 Be6 8. Be3 Be7 9. Qd2 0-0 10. 0-0-0 Nbd7 11. g4 b5 12. h4 b4 13. Nd5 Bxd5 14. exd5 a5 15. g5 a4 16. gxf6 axb3 17. fxe7 bxa2 18. exf8Q+ Kxf8 19. Qxb4 a1Q+ 20. Kd2 Qaa5 21. Qxa5 Qxa5+ 22. Ke2 Qb5+ 23. Kf2 Qxb2 24. Bd3 Nf6 25. Rb1 Qa2 26. Ra1 Qxd5 27. c4 Rxa1 28. cxd5 Rxh1 29. Bc4 Rxh4 30. Ba2 0-1

[Event "American Continental Rapid 18th"]
[Site "Medellin"]
[Date "2024.06.01"]
[Round "7"]
[White "Uribe Sanchez, Alejandro"]
[Black "Vega Cotacio, Jhon Alejandro"]
[Result "1-0"]
[WhiteElo "1966"]
[BlackElo "1631"]
[PlyCount "57"]
[EventDate "2024.06.01"]
[EventType "swiss (rapid)"]
[EventRounds "9"]
[EventCountry "COL"]
[SourceTitle "CBM 220 Extra"]
[Source "ChessBase"]
[SourceDate "2024.07.31"]
[SourceVersion "1"]
[SourceVersionDate "2024.07.31"]
[SourceQuality "1"]

1. d4 Nf6 2. Bg5 g6 3. Bxf6 exf6 4. e3 Bg7 5. g3 d5 6. Bg2 c6 7. Ne2 0-0 8. 0-0 Nd7 9. b3 f5 10. c4 Nf6 11. Nbc3 Be6 12. Qd3 Qd7 13. c5 Qe7 14. b4 Ne4 15. a4 h5 16. b5 Qc7 17. a5 Rfb8 18. a6 b6 19. cxb6 Rxb6 20. Rfc1 c5 21. dxc5 Nxc5 22. Nxd5 Nxd3 23. Rxc7 Bxd5 24. Bxd5 Bxa1 25. Bxa8 Rxb5 26. Rxa7 h4 27. Rb7 Rxb7 28. Bxb7 Nc5 29. a7 1-0

[Event "COL-ch U20"]
[Site "Cali"]
[Date "2024.03.01"]
[Round "4"]
[White "Brito Carrascal, Camilo Andres"]
[Black "Vega Cotacio, Jhon Alejandro"]
[Result "1-0"]
[WhiteElo "1985"]
[BlackElo "1423"]
[PlyCount "85"]
[EventDate "2024.02.28"]
[EventType "swiss"]
[EventRounds "9"]
[EventCountry "COL"]
[SourceTitle "CBM 219 Extra"]
[Source "ChessBase"]
[SourceDate "2024.05.31"]
[SourceVersion "1"]
[SourceVersionDate "2024.05.31"]
[SourceQuality "1"]

1. e4 c5 2. Nf3 d6 3. d4 cxd4 4. Nxd4 Nf6 5. Nc3 a6 6. f3 e5 7. Nb3 Be6 8. Be3 Be7 9. Qd2 Nbd7 10. g4 b5 11. g5 Nh5 12. Rg1 b4 13. Nd5 Bxd5 14. Qxd5 0-0 15. 0-0-0 a5 16. Kb1 a4 17. Nc1 Nb6 18. Qc6 Rb8 19. Bh3 Nf4 20. Bg4 Ne6 21. h4 Qc8 22. Qxc8 Rfxc8 23. b3 axb3 24. cxb3 Rc6 25. Nd3 Nd7 26. Bd2 Rcb6 27. f4 exf4 28. Bxf4 Ndc5 29. Nxc5 Nxc5 30. Rge1 Ne6 31. Bg3 Rc6 32. Rc1 Rbc8 33. Rxc6 Rxc6 34. Rc1 Nc5 35. Rc4 Rb6 36. Be2 g6 37. Be1 Na6 38. Rc8+ Kg7 39. Bxa6 Rxa6 40. Bxb4 Rb6 41. Bc3+ f6 42. gxf6+ Bxf6 43. Rc7+ 1-0

[Event "COL-ch U20"]
[Site "Cali"]
[Date "2024.03.01"]
[Round "5"]
[White "Vega Cotacio, Jhon Alejandro"]
[Black "Salazar Yandun, Daniel Alexander"]
[Result "1/2-1/2"]
[WhiteElo "1423"]
[BlackElo "1252"]
[PlyCount "80"]
[EventDate "2024.02.28"]
[EventType "swiss"]
[EventRounds "9"]
[EventCountry "COL"]
[SourceTitle "CBM 219 Extra"]
[Source "ChessBase"]
[SourceDate "2024.05.31"]
[SourceVersion "1"]
[SourceVersionDate "2024.05.31"]
[SourceQuality "1"]

1. e4 e5 2. Nf3 Nc6 3. d4 exd4 4. Nxd4 Nf6 5. Nxc6 bxc6 6. e5 Qe7 7. Qe2 Nd5 8. h4 d6 9. c4 Nb6 10. exd6 Qxe2+ 11. Bxe2 cxd6 12. 0-0 Be6 13. Bf3 Rc8 14. b3 Be7 15. Bb2 Bxh4 16. Bxg7 Rg8 17. Bb2 d5 18. Nd2 Bg5 19. Bc3 Bxd2 20. Bxd2 dxc4 21. Rfe1 Kd7 22. Bf4 Bd5 23. Rad1 cxb3 24. axb3 Rce8 25. Be4 Kc8 26. Bxd5 Rxe1+ 27. Rxe1 Nxd5 28. Bg3 f5 29. Re6 Kb7 30. Rh6 Rg7 31. Be5 Re7 32. Bd6 Rf7 33. Kf1 Kb6 34. Rh4 Kb5 35. Ke2 Nc3+ 36. Ke3 c5 37. Bxc5 Kxc5 38. Rc4+ Kb5 39. Rxc3 Kb4 40. Rd3 a5 1/2-1/2

[Event "COL-ch U20"]
[Site "Cali"]
[Date "2024.02.29"]
[Round "3"]
[White "Vega Cotacio, Jhon Alejandro"]
[Black "Canchala Jimenez, Juan Manuel"]
[Result "0-1"]
[WhiteElo "1423"]
[BlackElo "1658"]
[PlyCount "144"]
[EventDate "2024.02.28"]
[EventType "swiss"]
[EventRounds "9"]
[EventCountry "COL"]
[SourceTitle "CBM 219 Extra"]
[Source "ChessBase"]
[SourceDate "2024.05.31"]
[SourceVersion "1"]
[SourceVersionDate "2024.05.31"]
[SourceQuality "1"]

1. e4 e5 2. Nf3 Nc6 3. Bb5 f5 4. exf5 e4 5. Qe2 Nf6 6. d4 Qe7 7. Bxc6 dxc6 8. Ne5 Bxf5 9. c4 0-0-0 10. Bf4 Rxd4 11. 0-0 g5 12. Bg3 Bg7 13. Qe3 Rhd8 14. Qxg5 Be6 15. b3 h6 16. Qc1 Nh5 17. Ng6 Qe8 18. Nf4 Nxf4 19. Qxf4 R4d7 20. Nd2 Bxa1 21. Rxa1 Rf7 22. Qe3 Bf5 23. Nf1 Qh8 24. Re1 b6 25. Qc1 h5 26. h4 Rfd7 27. c5 Kb7 28. b4 Bg6 29. b5 Qf6 30. cxb6 cxb6 31. bxc6+ Qxc6 32. Qf4 Rf7 33. Qg5 Rd5 34. Qe3 Rd3 35. Qg5 Rc3 36. a4 Qf6 37. Qd5+ Qc6 38. Qg5 a6 39. Qd8 Qc8 40. Qd5+ Rc6 41. Ne3 Rd7 42. Qg5 Bf7 43. Nf5 Rg6 44. Qe3 Bd5 45. a5 Qf8 46. Nd4 Qe8 47. Rc1 Ka8 48. axb6 Rxb6 49. Qc3 Rdb7 50. Kh2 Qd7 51. Ra1 Ka7 52. Qc5 Ka8 53. Qf8+ Ka7 54. Qc5 Bc6 55. Nb3 Qd5 56. Qxd5 Bxd5 57. Nc5 Rf7 58. Rd1 Bc6 59. Rd8 Rb5 60. Ne6 Rd5 61. Rb8 Rb7 62. Rh8 a5 63. Nd8 Rb6 64. Bc7 Ra6 65. Rh7 Bd7 66. Bf4 a4 67. Be3+ Kb8 68. Nf7 a3 69. Rh8+ Kc7 70. Bf4+ Kc6 71. Rh6+ Kb5 72. Nd6+ Ka4 0-1

[Event "COL-ch U20"]
[Site "Cali"]
[Date "2023.06.24"]
[Round "5"]
[White "Vega Cotacio, Jhon Alejandro"]
[Black "Cardona Duque, Juan Esteban"]
[Result "1/2-1/2"]
[WhiteElo "1444"]
[BlackElo "1338"]
[PlyCount "88"]
[EventDate "2023.06.22"]
[EventType "swiss"]
[EventRounds "7"]
[EventCountry "COL"]
[SourceTitle "CBM 214 Extra"]
[Source "ChessBase"]
[SourceDate "2023.07.31"]
[SourceVersion "1"]
[SourceVersionDate "2023.07.31"]
[SourceQuality "1"]

1. e4 c5 2. Nf3 Nc6 3. Nc3 g6 4. d4 cxd4 5. Nxd4 Bg7 6. Be3 d6 7. Qd2 Nf6 8. f3 d5 9. exd5 Nxd5 10. Nxc6 bxc6 11. Bd4 e5 12. Bc5 Qa5 13. b4 Nxb4 14. Qd6 Bf8 15. Qxe5+ Be6 16. Bd3 Nxd3+ 17. cxd3 Qxc5 18. Qxh8 Qe3+ 19. Ne2 Rd8 20. Qc3 Bc5 21. d4 Qxc3+ 22. Nxc3 Bxd4 23. Rc1 Rb8 24. Kd2 Rb2+ 25. Rc2 Bxc3+ 26. Kxc3 Rxc2+ 27. Kxc2 Bxa2 28. Ra1 Bc4 29. Rxa7 Bf1 30. g3 c5 31. Kc3 c4 32. f4 Bd3 33. Kd4 Kf8 34. Rc7 Kg7 35. Ke5 h5 36. h4 Bf5 37. Rxc4 Bg4 38. Rc7 Be6 39. Rc6 Bg4 40. Rf6 Bh3 41. Rd6 Bg4 42. Rd4 Bh3 43. Re4 Bg2 44. Re1 Bh3 1/2-1/2

[Event "COL-ch U20"]
[Site "Cali"]
[Date "2023.06.23"]
[Round "2"]
[White "Castro Castro, Joaquin"]
[Black "Vega Cotacio, Jhon Alejandro"]
[Result "1-0"]
[WhiteElo "1937"]
[BlackElo "1444"]
[PlyCount "49"]
[EventDate "2023.06.22"]
[EventType "swiss"]
[EventRounds "7"]
[EventCountry "COL"]
[SourceTitle "CBM 214 Extra"]
[Source "ChessBase"]
[SourceDate "2023.07.31"]
[SourceVersion "1"]
[SourceVersionDate "2023.07.31"]
[SourceQuality "1"]

1. e4 c6 2. d4 d5 3. e5 c5 4. dxc5 Bf5 5. a3 Nc6 6. Nf3 e6 7. b4 Qc7 8. Bb2 Nge7 9. Bb5 a5 10. 0-0 axb4 11. axb4 Rxa1 12. Bxa1 Ng6 13. Nd4 Nge7 14. Na3 Bg6 15. c4 Nf5 16. Nxf5 Bxf5 17. cxd5 exd5 18. Qxd5 Be6 19. Qe4 Be7 20. f4 g6 21. Nc4 0-0 22. Nd6 Na7 23. Bd3 Qc6 24. Qd4 f5 25. Bc4 1-0

[Event "Cali Valle Colombia op-B"]
[Site "Cali Valle Colombia"]
[Date "2022.12.28"]
[Round "4"]
[White "Vega Cotacio, Jhon Alejandro"]
[Black "Lopez de Anda, Edgar"]
[Result "0-1"]
[WhiteElo "1457"]
[BlackElo "1693"]
[PlyCount "58"]
[EventDate "2022.12.26"]
[EventType "swiss"]
[EventRounds "8"]
[EventCountry "COL"]
[SourceTitle "CBM 211 Extra"]
[Source "ChessBase"]
[SourceDate "2023.01.31"]
[SourceVersion "1"]
[SourceVersionDate "2023.01.31"]
[SourceQuality "1"]

1. e4 c5 2. Nf3 a6 3. d4 cxd4 4. Nxd4 e5 5. Nb3 Nf6 6. Nc3 Bb4 7. Bd3 d5 8. exd5 Qxd5 9. 0-0 Bxc3 10. bxc3 0-0 11. Ba3 Re8 12. Re1 Qc6 13. Re3 Bg4 14. Be2 Bxe2 15. Qxe2 Nbd7 16. Rh3 Rac8 17. Rd1 Nb6 18. Rd6 Qc4 19. Qd1 Nbd5 20. Rxf6 Nxf6 21. Rd3 e4 22. Rd6 Qxc3 23. h3 e3 24. fxe3 Qxe3+ 25. Kh2 Qf4+ 26. Kg1 Ne4 27. Rd4 Qf2+ 28. Kh2 Qg3+ 29. Kg1 Nc3 0-1

[Event "COL-ch sf3 U12"]
[Site "Moniquira"]
[Date "2019.05.23"]
[Round "1.2"]
[White "Vega Cotacio, Jhon Alejandro"]
[Black "Rodriguez Pantoja, Obel"]
[Result "0-1"]
[WhiteElo "1342"]
[BlackElo "1647"]
[PlyCount "74"]
[EventDate "2019.05.23"]
[EventType "swiss"]
[EventRounds "6"]
[EventCountry "COL"]
[SourceTitle "EXT 2024"]
[Source "ChessBase"]
[SourceDate "2023.10.10"]
[SourceVersion "1"]
[SourceVersionDate "2023.10.10"]
[SourceQuality "1"]

1. e4 c5 2. Nf3 d6 3. d4 cxd4 4. Nxd4 Nf6 5. Nc3 g6 6. Be3 Bg7 7. Qd2 Ng4 8. f3 Nxe3 9. Qxe3 Nc6 10. Bb5 Qb6 11. 0-0-0 0-0 12. Bxc6 bxc6 13. Rhe1 Rb8 14. Nb3 Qxe3+ 15. Rxe3 Bh6 16. Rde1 Be6 17. Nd2 Bxe3 18. Rxe3 Rb7 19. Re1 Rfb8 20. b3 a5 21. Kd1 d5 22. exd5 cxd5 23. Ne2 a4 24. Nf4 Rb6 25. g3 Ra8 26. Ke2 axb3 27. axb3 Ra2 28. Rc1 g5 29. Nxe6 Rxe6+ 30. Kf2 Rc6 31. Nf1 Rcxc2+ 32. Rxc2 Rxc2+ 33. Kg1 Rb2 34. Ne3 e6 35. Ng4 Kg7 36. Kf1 Rxb3 37. Ke2 h5 0-1